South America : The Green World of the Naturalists : Five Centuries of Natural History in South America (Record no. 591666)

MARC details
000 -LEADER
fixed length control field 00634nam a2200145Ia 4500
008 - FIXED-LENGTH DATA ELEMENTS--GENERAL INFORMATION
fixed length control field 100415s9999 xx 000 0 und d
082 ## - DEWEY DECIMAL CLASSIFICATION NUMBER
Item number 8725
Classification number 574.9(80)
100 ## - MAIN ENTRY--PERSONAL NAME
Personal name Hagen Victor Wolfgang Von
245 ## - TITLE STATEMENT
Title South America : The Green World of the Naturalists : Five Centuries of Natural History in South America
260 ## - PUBLICATION, DISTRIBUTION, ETC. (IMPRINT)
Place of publication, distribution, etc LONDON
Date of publication, distribution, etc 1951
Name of publisher, distributor, etc EYRE & SPOTTISWOODE
365 ## - TRADE PRICE
Price amount 0
630 ## - SUBJECT ADDED ENTRY--UNIFORM TITLE
Uniform title South America : The Green World of the Naturalists : Five Centuries of Natural History in South America
730 ## - ADDED ENTRY--UNIFORM TITLE
Uniform title South America : The Green World of the Naturalists : Five Centuries of Natural History in South America
942 ## - ADDED ENTRY ELEMENTS (KOHA)
Koha item type Book
Holdings
Withdrawn status Lost status Damaged status Not for loan Home library Current library Date acquired Cost, normal purchase price Total Checkouts Full call number Barcode Date last seen Price effective from Koha item type
        Bombay Natural History Society Bombay Natural History Society 08/21/1997 0.00   574.9(80) 8725 BNHS-8725 04/15/2010 04/15/2010 Book